000
00304nam a22001337a 4500
008
181031b xxu||||| |||| 00| 0 eng d
020
_a
0024749206
041
_a
eng
080
_2
5 th
_a
004
100
_a
37
101
_a
SHK
245
_a
Reporting Technical Information
_c
Houp.K.W
942
_2
udc
_c
BK
999
_c
51340
_d
51340